| 000 | 00000nam 2200000zi 4500 |
| 001 | 9.918958 |
| 003 | CaOODSP |
| 005 | 20230215125458 |
| 006 | m o d f |
| 007 | cr mn||||||||| |
| 008 | 230110t20232023quca ob f000 0 fre d |
| 020 | |a9780660470139 |
| 040 | |aCaOODSP|bfre|erda|cCaOODSP |
| 043 | |an-cn-on |
| 045 | |ay2y2 |
| 086 | 1 |aTU3-10/21-0069F-1-PDF |
| 110 | 2 |aBureau de la sécurité des transports du Canada.|eauteur, |eorganisme de publication. |
| 245 | 10|aCollision en vol, DJI Matrice M210 (aéronef télépiloté), C-2105569275, Police régionale de York, et Cessna 172N, C-GKWL, Canadian Flyers International Inc., aéroport municipal de Toronto/Buttonville (Ontario), 1,2 NM NW, 10 août 2021. |
| 264 | 1|aGatineau QC : |bBureau de la sécurité des transports du Canada = Transportation Safety Board of Canada, |c2023. |
| 264 | 4|c©2023 |
| 300 | |a1 ressource en ligne (30 pages) : |billustrations en couleur. |
| 336 | |atexte|btxt|2rdacontent/fre |
| 337 | |ainformatique|bc|2rdamedia/fre |
| 338 | |aressource en ligne|bcr|2rdacarrier/fre |
| 490 | 1 |aRapport d'enquête sur la sécurité du transport aérien ; |vA21O0069 |
| 500 | |aPublié aussi en anglais sous le titre : Mid-air collision, York Regional Police, DJI Matrice M210 (remotely piloted aircraft), C-2105569275, and Canadian Flyers International Inc., Cessna 172N, C-GKWL, Toronto/Buttonville Municipal Airport, Ontario, 1.2 NM NW, 10 August 2021. |
| 500 | |a« Publié le 19 janvier 2023. » |
| 504 | |aComprend des références bibliographiques. |
| 650 | 6|aAéronautique|xAccidents|xEnquêtes|zOntario|zMarkham. |
| 650 | 6|aDrones|xAccidents|xEnquêtes|zOntario|zMarkham. |
| 775 | 08|tMid-air collision, York Regional Police, DJI Matrice M210 (remotely piloted aircraft), C-2105569275, and Canadian Flyers International Inc., Cessna 172N, C-GKWL, Toronto/Buttonville Municipal Airport, Ontario, 1.2 NM NW, 10 August 2021.|w(CaOODSP)9.918956 |
| 830 | #0|aBilan d'enquête de sécurité du transport aérien ;|vA21O0069.|w(CaOODSP)9.845276 |
| 856 | 40|qPDF|s1.06 Mo|uhttps://publications.gc.ca/collections/collection_2023/bst-tsb/TU3-10-21-0069-fra-1.pdf |
| 856 | 4 |qHTML|sS.O.|uhttps://www.tsb.gc.ca/fra/rapports-reports/aviation/2021/a21o0069/a21o0069.html |